Critical social theories : an introduction (Record no. 142069)

MARC details
000 -LEADER
fixed length control field 00680nam a2200229Ia 4500
008 - FIXED-LENGTH DATA ELEMENTS--GENERAL INFORMATION
fixed length control field 191130s2006##################000#0#eng##
020 ## - INTERNATIONAL STANDARD BOOK NUMBER
ISBN 9781594512070
082 ## - DEWEY DECIMAL CLASSIFICATION NUMBER
Classification number 301.01 AGG
100 ## - MAIN ENTRY--AUTHOR NAME
Personal name Agger, Ben
245 ## - TITLE STATEMENT
Title Critical social theories : an introduction
Statement of responsibility, etc Ben Agger
250 ## - EDITION STATEMENT
Edition statement 2nd ed
260 ## - PUBLICATION, DISTRIBUTION, ETC. (IMPRINT)
Place of publication Boulder, CO
Name of publisher Paradigm Publishers
Year of publication c2006
300 ## - PHYSICAL DESCRIPTION
Number of Pages xii, 241 p. ; 24 cm
500 ## - GENERAL NOTE
General note Includes bibliographical references (p. 214-232) and index
650 ## - SUBJECT ADDED ENTRY--TOPICAL TERM
Topical Term Sociology - Methodology
Topical Term Sociology - Philosophy
991 ## -
-- 223316
Holdings
Withdrawn status Lost status Damaged status Not for loan Home library Current library Shelving location Date acquired Full call number Accession Number Price effective from Koha item type
        Anna Centenary Library Anna Centenary Library 3RD FLOOR, B WING 12.10.2020 301.01 AGG 253933 12.10.2020 English Books

Find us on the map